[Event "Titled Tuesday intern op 03rd Jan Late"]
[Site "Chess.com INT"]
[Date "2025.06.03"]
[Round "9"]
[White "Blackburn, Jonathan LB"]
[Black "Vazelakis, Dimitrios"]
[Result "1-0"]
[WhiteElo "2200"]
[BlackElo "1857"]
[PlyCount "95"]
[EventDate "2025.06.03"]
[EventType "swiss (blitz)"]
[EventRounds "11"]
[EventCountry "USA"]
[SourceTitle "CB24_2025"]
[SourceDate "2025.06.11"]
[SourceVersion "1"]
[SourceVersionDate "2025.06.11"]
[SourceQuality "1"]

1. d4 e6 2. c4 f5 3. g3 Nf6 4. Bg2 Be7 5. Nh3 0-0 6. 0-0 d6 7. Nc3 c6 8. d5 e5 9. Ng5 a5 10. Ne6 Bxe6 11. dxe6 Na6 12. e4 fxe4 13. Nxe4 Nxe4 14. Bxe4 Nc5 15. Bc2 Nxe6 16. Be3 Bf6 17. Qg4 Nd4 18. Bd3 Qc8 19. Qh5 g6 20. Qd1 Qe6 21. c5 d5 22. Bxd4 exd4 23. Re1 Qf7 24. Qg4 Bg7 25. Re2 Rae8 26. Rae1 Rxe2 27. Rxe2 Re8 28. h4 Rxe2 29. Bxe2 Qe7 30. h5 Kf7 31. hxg6+ hxg6 32. Bd3 Qe1+ 33. Kg2 Qe6 34. Qf3+ Qf6 35. Qg4 Qe6 36. Qf4+ Qf6 37. Qc7+ Qe7 38. Bxg6+ Kf6 39. Qxe7+ Kxe7 40. Bf5 Kd8 41. f4 Bf8 42. g4 Bxc5 43. g5 b5 44. g6 Ke7 45. Bd3 Kf6 46. Kf3 a4 47. b3 axb3 48. a3 1-0

[Event "Titled Tuesday intern op 03rd Jan Late"]
[Site "Chess.com INT"]
[Date "2025.06.03"]
[Round "2"]
[White "Vazelakis, Dimitrios"]
[Black "Dambaev, Dashi"]
[Result "0-1"]
[WhiteElo "1857"]
[BlackElo "2211"]
[PlyCount "54"]
[EventDate "2025.06.03"]
[EventType "swiss (blitz)"]
[EventRounds "11"]
[EventCountry "USA"]
[SourceTitle "CB24_2025"]
[SourceDate "2025.06.11"]
[SourceVersion "1"]
[SourceVersionDate "2025.06.11"]
[SourceQuality "1"]

1. c4 Nf6 2. Nc3 c5 3. g3 d5 4. cxd5 Nxd5 5. Bg2 Nc7 6. e3 e5 7. Nge2 Nc6 8. 0-0 Be7 9. f4 0-0 10. b3 Bd7 11. Bb2 f6 12. f5 Rb8 13. g4 Nb4 14. d4 cxd4 15. exd4 Bc6 16. Bxc6 Nxc6 17. d5 Nb4 18. Rc1 Nbxd5 19. Nxd5 Nxd5 20. Qd3 Qb6+ 21. Kh1 Rfd8 22. Qf3 Ne3 23. Rf2 Nxg4 24. Rg2 Ne3 25. Rg3 Nd1 26. Qg4 Nf2+ 27. Kg2 Nxg4 0-1

[Event "Titled Tuesday intern op 21st Jan Late"]
[Site "Chess.com INT"]
[Date "2025.01.21"]
[Round "2"]
[White "Vazelakis, Dimitrios"]
[Black "Bochnicka, Vladimir1"]
[Result "0-1"]
[WhiteElo "1857"]
[BlackElo "2345"]
[PlyCount "104"]
[EventDate "2025.01.21"]
[EventType "swiss (blitz)"]
[EventRounds "11"]
[EventCountry "USA"]
[SourceTitle "CB05_2025"]
[SourceDate "2025.01.29"]
[SourceVersion "1"]
[SourceVersionDate "2025.01.29"]
[SourceQuality "1"]

1. d4 Nf6 2. Nc3 d5 3. Bf4 e6 4. Nb5 Na6 5. e3 Bd7 6. a4 Be7 7. Nf3 0-0 8. Ne5 c6 9. Nc3 Nc7 10. Bd3 Rc8 11. 0-0 c5 12. dxc5 Bxc5 13. Qf3 Nce8 14. Rad1 Nd6 15. Qh3 Nfe4 16. f3 Nf6 17. Ng4 Nf5 18. Bg5 Nxg4 19. Bxd8 Ngxe3 20. Kh1 Nxd1 21. Bxf5 exf5 22. Rxd1 Rcxd8 23. Nxd5 Be6 24. c4 h6 25. Qh4 a5 26. h3 Rd6 27. Qe1 Kh8 28. Qxa5 b6 29. Qc3 Rfd8 30. b4 Bf2 31. a5 bxa5 32. bxa5 Ra6 33. Qd2 Bc5 34. Qe2 Rxa5 35. Nf4 Rxd1+ 36. Qxd1 Bxc4 37. Qd8+ Kh7 38. Qxa5 Bd6 39. g3 g6 40. Kg2 Kg7 41. Qa1+ Kg8 42. Qd4 Bxf4 43. Qxc4 Be5 44. f4 Bf6 45. g4 fxg4 46. hxg4 Kg7 47. Kf3 Ba1 48. Qd5 Bf6 49. f5 Bb2 50. fxg6 Kxg6 51. Qf5+ Kg7 52. Qh5 Bf6 0-1

[Event "Titled Tuesday intern op 14th Jan Early"]
[Site "Chess.com INT"]
[Date "2025.01.14"]
[Round "1"]
[White "Vazelakis, Dimitrios"]
[Black "Miszler, Levente"]
[Result "1-0"]
[WhiteElo "1857"]
[BlackElo "2264"]
[PlyCount "83"]
[EventDate "2025.01.14"]
[EventType "swiss (blitz)"]
[EventRounds "11"]
[EventCountry "USA"]
[SourceTitle "CB04_2025"]
[SourceDate "2025.01.22"]
[SourceVersion "1"]
[SourceVersionDate "2025.01.22"]
[SourceQuality "1"]

1. d4 Nf6 2. Nc3 c5 3. dxc5 e6 4. e4 Bxc5 5. e5 Ng8 6. Ne4 Be7 7. Nf3 Nc6 8. Bd3 Nxe5 9. Nxe5 Qa5+ 10. Bd2 Qxe5 11. Bc3 Qc7 12. Bxg7 d5 13. Bxh8 dxe4 14. Bxe4 Nf6 15. Bd3 Bd7 16. 0-0 0-0-0 17. Bxf6 Bxf6 18. c3 Bb5 19. Qf3 Bxd3 20. Qxf6 Bxf1 21. Rxf1 Rd2 22. Qh8+ Qd8 23. Qxh7 Qf6 24. h3 Rxb2 25. Qd3 Qe5 26. Rd1 Qc7 27. Qd4 b6 28. h4 Rxa2 29. h5 e5 30. Qg4+ Kb8 31. h6 Qc5 32. Qg3 Qc6 33. h7 Qh6 34. Qg8+ Kb7 35. h8Q Qf4 36. Qg3 Qa4 37. Qf3+ Ka6 38. Qxe5 Rb2 39. Qd3+ b5 40. Qed6+ Ka5 41. Qc7+ Ka6 42. Qdd6# 1-0

[Event "Athens PAO op 17th"]
[Site "Athens"]
[Date "2024.04.05"]
[Round "4"]
[White "Vazelakis, Dimitrios"]
[Black "Papiotis, Kimon"]
[Result "1-0"]
[WhiteElo "1837"]
[BlackElo "1759"]
[PlyCount "76"]
[EventDate "2024.03.15"]
[EventType "swiss"]
[EventRounds "7"]
[EventCountry "GRE"]
[SourceTitle "CBM 220 Extra"]
[Source "ChessBase"]
[SourceDate "2024.07.31"]
[SourceVersion "1"]
[SourceVersionDate "2024.07.31"]
[SourceQuality "1"]

1. c4 b6 2. Nc3 Bb7 3. e4 e6 4. g3 Bb4 5. Nge2 f5 6. d3 fxe4 7. Bg2 Nf6 8. 0-0 0-0 9. dxe4 e5 10. Bg5 Be7 11. h3 c6 12. Qd2 d6 13. Rad1 Nbd7 14. Qc2 Qe8 15. Rd2 Rd8 16. Rfd1 Qg6 17. Be3 h5 18. Kh2 Nh7 19. f4 h4 20. f5 hxg3+ 21. Nxg3 Qf7 22. b3 Ndf6 23. Bf3 Bc8 24. Rg2 Kh8 25. Qe2 Rg8 26. Rdg1 Bf8 27. Nh5 d5 28. Nxf6 Nxf6 29. cxd5 cxd5 30. Bg5 d4 31. Nd5 Nxd5 32. exd5 Qxf5 33. Rg4 Rd6 34. Be4 Qd7 35. Qf2 g6 36. Bf6+ Kh7 37. Rh4+ Bh6 38. Rxh6+ Kxh6 1-0

[Event "Athens PAO op 17th"]
[Site "Athens"]
[Date "2024.03.15"]
[Round "1"]
[White "Vazelakis, Dimitrios"]
[Black "Kafousopoulos, Fotios"]
[Result "1-0"]
[WhiteElo "1837"]
[BlackElo "1475"]
[PlyCount "91"]
[EventDate "2024.03.15"]
[EventType "swiss"]
[EventRounds "7"]
[EventCountry "GRE"]
[SourceTitle "CBM 220 Extra"]
[Source "ChessBase"]
[SourceDate "2024.07.31"]
[SourceVersion "1"]
[SourceVersionDate "2024.07.31"]
[SourceQuality "1"]

1. c4 d6 2. Nc3 Nf6 3. g3 g6 4. Bg2 Bg7 5. e4 Nbd7 6. Nge2 c6 7. d3 0-0 8. 0-0 Rb8 9. a4 a6 10. a5 c5 11. h3 Ne5 12. f4 Nc6 13. g4 Nxa5 14. Ng3 Nc6 15. g5 Nd7 16. f5 Nde5 17. Nd5 e6 18. Nc3 exf5 19. exf5 f6 20. Nce4 Nd4 21. gxf6 Bxf6 22. Bh6 Rf7 23. fxg6 hxg6 24. Rxf6 Rxf6 25. Bg5 Ndf3+ 26. Bxf3 Nxf3+ 27. Qxf3 Rxf3 28. Bxd8 Bxh3 29. Bc7 Rc8 30. Bxd6 Rxd3 31. Re1 b5 32. cxb5 axb5 33. Kh2 Bd7 34. Bxc5 Rb3 35. Re2 Kf7 36. Nd6+ Kf6 37. Nxc8 Bxc8 38. Bd4+ Kg5 39. Bc3 b4 40. Ne4+ Kf4 41. Nc5 Rxc3 42. bxc3 bxc3 43. Rc2 g5 44. Rxc3 g4 45. Nd3+ Ke4 46. Nf2+ 1-0

[Event "Athens Siaperas Memorial 16th"]
[Site "Athens"]
[Date "2020.02.08"]
[Round "5"]
[White "Nteligiorgis, Eleftherios"]
[Black "Vazelakis, Dimitrios"]
[Result "0-1"]
[WhiteElo "2005"]
[BlackElo "1705"]
[PlyCount "61"]
[EventDate "2020.01.11"]
[EventType "swiss"]
[EventRounds "7"]
[EventCountry "GRE"]
[SourceTitle "EXT 2021"]
[Source "ChessBase"]
[SourceDate "2020.10.23"]
[SourceVersion "1"]
[SourceVersionDate "2020.10.23"]
[SourceQuality "1"]

1. e4 e6 2. d4 d5 3. Nc3 Nf6 4. Bg5 Be7 5. e5 Nfd7 6. Bxe7 Qxe7 7. f4 a6 8. Qg4 0-0 9. Nf3 c5 10. Bd3 f5 11. exf6 Nxf6 12. Qh4 Nc6 13. dxc5 Qxc5 14. 0-0-0 b5 15. Rhe1 b4 16. Ne2 a5 17. Ned4 a4 18. Nxe6 Bxe6 19. Rxe6 h6 20. Ne5 Nxe5 21. fxe5 Ne4 22. Bxe4 dxe4 23. Qxe4 b3 24. a3 bxc2 25. Qxc2 Qe3+ 26. Qd2 Qe4 27. Qd3 Rac8+ 28. Kb1 Qxd3+ 29. Rxd3 Rf4 30. Ka2 Rc1 31. b3 0-1

[Event "Ambelokipi op 175th"]
[Site "Athens"]
[Date "2020.02.05"]
[Round "4"]
[White "Poulos, Georgios"]
[Black "Vazelakis, Dimitrios"]
[Result "0-1"]
[WhiteElo "1879"]
[BlackElo "1705"]
[PlyCount "50"]
[EventDate "2020.01.15"]
[EventType "swiss"]
[EventRounds "7"]
[EventCountry "GRE"]
[SourceTitle "EXT 2021"]
[Source "ChessBase"]
[SourceDate "2020.10.23"]
[SourceVersion "1"]
[SourceVersionDate "2020.10.23"]
[SourceQuality "1"]

1. e4 e6 2. d4 d5 3. Nc3 Nf6 4. e5 Nfd7 5. f4 c5 6. Nf3 Nc6 7. Be3 Be7 8. Qd2 0-0 9. 0-0-0 c4 10. g4 b5 11. Nxb5 Rb8 12. Nd6 Nb6 13. f5 Na4 14. b3 Bxd6 15. exd6 Qxd6 16. Re1 c3 17. Qg2 Nb2 18. Ne5 Qa3 19. Bd2 Nc4+ 20. Kd1 cxd2 21. Bxc4 Qc1+ 22. Ke2 dxe1Q+ 23. Rxe1 Qxc2+ 24. Kf1 Qxg2+ 25. Kxg2 Nxe5 0-1

[Event "Athens Chess Square Spring op"]
[Site "Athens"]
[Date "2019.06.01"]
[Round "4"]
[White "Vazelakis, Dimitrios"]
[Black "Delithanasis, Dimitrios"]
[Result "0-1"]
[WhiteElo "1910"]
[BlackElo "1961"]
[PlyCount "72"]
[EventDate "2019.05.11"]
[EventType "swiss"]
[EventRounds "7"]
[EventCountry "GRE"]
[SourceTitle "EXT 2020"]
[Source "ChessBase"]
[SourceDate "2019.10.17"]
[SourceVersion "1"]
[SourceVersionDate "2019.10.17"]
[SourceQuality "1"]

1. c4 e6 2. Nc3 d5 3. e3 f5 4. Nf3 Nf6 5. b3 Bd6 6. Be2 0-0 7. 0-0 c6 8. Bb2 Nbd7 9. d4 Ne4 10. Nxe4 fxe4 11. Nd2 Qg5 12. Rc1 Rf6 13. f4 exf3 14. Rxf3 Rxf3 15. Nxf3 Qxe3+ 16. Kh1 Nf6 17. Rc3 Qe4 18. Bc1 Ng4 19. Qf1 Qf5 20. Qe1 Bb4 21. Bd2 Bxc3 22. Bxc3 Bd7 23. h3 Nf6 24. Ne5 Be8 25. Bd3 Ne4 26. Bxe4 Qxe4 27. Qxe4 dxe4 28. Kg1 Bg6 29. Bb4 Rd8 30. Bc3 Be8 31. Kf2 b6 32. Bb4 Rxd4 33. Ke3 Rd1 34. Kxe4 Ra1 35. a4 Rb1 36. a5 Rxb3 0-1

[Event "Athens ChessSquare Celebration op"]
[Site "Athens"]
[Date "2017.11.25"]
[Round "4"]
[White "Vazelakis, Dimitrios"]
[Black "Spyratos, Nikolaos"]
[Result "0-1"]
[WhiteElo "1836"]
[BlackElo "1659"]
[PlyCount "70"]
[EventDate "2017.11.04"]
[EventType "swiss"]
[EventRounds "7"]
[EventCountry "GRE"]
[SourceTitle "EXT 2024"]
[Source "ChessBase"]
[SourceDate "2023.10.10"]
[SourceVersion "1"]
[SourceVersionDate "2023.10.10"]
[SourceQuality "1"]

1. c4 c6 2. Nf3 Nf6 3. Nc3 d5 4. e3 Bg4 5. cxd5 Nxd5 6. Qb3 Nb6 7. Ne5 Be6 8. Qc2 g6 9. d4 Bg7 10. Nf3 0-0 11. Bd3 Na6 12. a3 Nc7 13. 0-0 Bg4 14. Ne5 Bxe5 15. dxe5 Be6 16. b3 Nbd5 17. Ne4 Bf5 18. Bb2 Bxe4 19. Bxe4 e6 20. Qe2 Qh4 21. f4 Qe7 22. Rac1 Rfd8 23. Bb1 Nb5 24. b4 a5 25. a4 Nbc7 26. b5 cxb5 27. axb5 a4 28. Bd4 Qd7 29. b6 Nb5 30. Rfd1 Nbc3 31. Qb2 Nxd1 32. Rxd1 a3 33. Qb3 Qa4 34. Qxa4 Rxa4 35. Bc2 Nxe3 0-1

[Event "Peristeri op 9th"]
[Site "Peristeri"]
[Date "2017.09.09"]
[Round "6"]
[White "Markantonaki, Haritomeni"]
[Black "Vazelakis, Dimitrios"]
[Result "0-1"]
[WhiteElo "2219"]
[BlackElo "1810"]
[PlyCount "27"]
[EventDate "2017.09.04"]
[EventType "swiss"]
[EventRounds "7"]
[EventCountry "GRE"]
[SourceTitle "CBM 180 Extra"]
[Source "ChessBase"]
[SourceDate "2017.10.06"]
[SourceVersion "1"]
[SourceVersionDate "2017.10.06"]
[SourceQuality "1"]

1. c4 e5 2. Nc3 d6 3. Nf3 Nc6 4. g3 Be7 5. Bg2 f5 6. d3 Nf6 7. Nd5 0-0 8. Nxe7+ Qxe7 9. 0-0 Kh8 10. Bd2 Bd7 11. b4 e4 12. Nh4 Ne5 13. Qc2 Nf7 14. Bh3 0-1

[Event "Athens Siaperas Memorial 13th"]
[Site "Athens"]
[Date "2017.02.04"]
[Round "4"]
[White "Vazelakis, Dimitrios"]
[Black "Katsiampas, Efthymios"]
[Result "1-0"]
[WhiteElo "1901"]
[BlackElo "1736"]
[PlyCount "59"]
[EventDate "2017.02.04"]
[EventType "swiss"]
[EventRounds "7"]
[EventCountry "GRE"]
[SourceTitle "EXT 2024"]
[Source "ChessBase"]
[SourceDate "2023.10.10"]
[SourceVersion "1"]
[SourceVersionDate "2023.10.10"]
[SourceQuality "1"]

1. c4 c5 2. g3 g6 3. Nf3 Bg7 4. d4 cxd4 5. Nxd4 Nc6 6. Nc2 Nf6 7. Bg2 0-0 8. Nc3 d6 9. 0-0 Be6 10. Ne3 a6 11. Rb1 Rb8 12. b3 Qa5 13. Bd2 Rfc8 14. a4 Qd8 15. Ncd5 b5 16. cxb5 axb5 17. Rc1 Nd4 18. Rxc8 Rxc8 19. Ba5 Qxa5 20. Nxe7+ Kf8 21. Nxc8 Qb4 22. Nc2 Nxc2 23. Qxc2 Qc5 24. Qxc5 dxc5 25. Nd6 Bxb3 26. axb5 Ke7 27. Ne4 Nxe4 28. Bxe4 c4 29. Bd5 Bb2 30. Rb1 1-0

[Event "Athens Iraklion op 19th"]
[Site "Athens"]
[Date "2016.06.18"]
[Round "1"]
[White "Vazelakis, Dimitrios"]
[Black "Petrakis, Ilias"]
[Result "0-1"]
[WhiteElo "1909"]
[BlackElo "2183"]
[PlyCount "104"]
[EventDate "2016.06.18"]
[EventType "swiss"]
[EventRounds "9"]
[EventCountry "GRE"]
[SourceTitle "CBM 173 Extra"]
[Source "ChessBase"]
[SourceDate "2016.08.29"]
[SourceVersion "1"]
[SourceVersionDate "2016.08.29"]
[SourceQuality "1"]

1. c4 Nf6 2. g3 g6 3. Bg2 Bg7 4. Nc3 0-0 5. e4 d6 6. Nge2 e5 7. 0-0 Nc6 8. d3 Be6 9. Nd5 Qd7 10. Bh6 Bxd5 11. Bxg7 Kxg7 12. cxd5 Ne7 13. Rc1 c6 14. dxc6 Nxc6 15. d4 Rfe8 16. dxe5 dxe5 17. Qxd7 Nxd7 18. Rfd1 Red8 19. Bh3 Nb6 20. f4 Na4 21. Rd5 Nb6 22. Rdd1 Rxd1+ 23. Rxd1 Rd8 24. Rxd8 Nxd8 25. fxe5 Nc4 26. e6 fxe6 27. b3 Ne5 28. Kf2 Kf6 29. Ke3 Nec6 30. Nd4 Nxd4 31. Kxd4 Nc6+ 32. Kc5 Ke5 33. Bg2 Nb8 34. Bh3 Nd7+ 35. Kc4 Nf6 36. Kd3 Nxe4 37. Bg2 Nd6 38. a4 b6 39. Bc6 g5 40. Bf3 Ne8 41. Kc4 Nd6+ 42. Kd3 h6 43. b4 Ne8 44. Kc4 Kd6 45. Kb5 Nc7+ 46. Kc4 Nd5 47. Kb5 Nc3+ 48. Ka6 Nxa4 49. Kxa7 Kc7 50. Ka6 Nc3 51. h4 e5 52. hxg5 hxg5 0-1

[Event "Athens ChessSquare Spring op"]
[Site "Athens"]
[Date "2016.05.14"]
[Round "2"]
[White "Vazelakis, Dimitrios"]
[Black "Tourkolias, Dimitrios"]
[Result "1-0"]
[WhiteElo "1910"]
[BlackElo "1752"]
[PlyCount "85"]
[EventDate "2016.04.23"]
[EventType "swiss"]
[EventRounds "7"]
[EventCountry "GRE"]
[SourceTitle "EXT 2024"]
[Source "ChessBase"]
[SourceDate "2023.10.10"]
[SourceVersion "1"]
[SourceVersionDate "2023.10.10"]
[SourceQuality "1"]

1. c4 e5 2. g3 Nc6 3. Bg2 g6 4. Nc3 Bg7 5. e4 d6 6. d3 f5 7. Nge2 Nf6 8. 0-0 0-0 9. Nd5 f4 10. gxf4 Nh5 11. fxe5 dxe5 12. Be3 Nd4 13. Bxd4 exd4 14. Ng3 c6 15. Nxh5 gxh5 16. Nb4 Qh4 17. f4 Rxf4 18. Rxf4 Qxf4 19. Qc1 Qd6 20. Nc2 Bh6 21. Qd1 Bg4 22. Bf3 Kh8 23. Bxg4 hxg4 24. Qe2 Bf4 25. Rf1 Rf8 26. Rf2 Qe5 27. Kh1 Rg8 28. Ne1 g3 29. Rg2 h5 30. Nf3 Qf6 31. Nxd4 h4 32. Nf5 Rg6 33. Qh5+ Rh6 34. Nxh6 Bxh6 35. hxg3 Qf1+ 36. Kh2 hxg3+ 37. Rxg3 Qf2+ 38. Rg2 Qf4+ 39. Kh1 Qf1+ 40. Rg1 Qf4 41. Qg4 Qf7 42. Qf5 Qxf5 43. exf5 1-0